[Event "It (open) \"]
[Site "masterchessopen.com Chalkidiki (Greece)"]
[Date "2009.08.12"]
[Round "2"]
[White "Papadimitriou Loukas (GRE)"]
[Black "Giannoutsos Panagiotis (GRE)"]
[Result "0-1"]
[WhiteElo "2187"]
[BlackElo "1928"]

1.d4 Nf6 2.c4 g6 3.Nc3 Bg7 4.e4 d6 5.Be2 O-O 6.Bg5 h6 7.Be3 Nbd7 8.Qd2 c5 9.d5
Kh7 10.g4 b5 11.cxb5 a6 12.f3 Qa5 13.a4 axb5 14.Nxb5 Qb6 15.Nh3 Ne8 16.O-O Nc7
17.Ra3 Ba6 18.Nxc7 Qxc7 19.b3 Rfb8 20.Rc1 Rb4 21.Nf2 Bxe2 22.Qxe2 Qb7 23.Qc2
Rb8 24.Nd3 Rxb3 25.Ra2 Qa6 26.Nxc5 dxc5 27.Bxc5 Rc3 28.Qd2 {#R} 0-1

[Event "Memorial E.Geller (open)"]
[Site "masterchessopen.com Odessa (Ukraine)"]
[Date "2009.08.22"]
[Round "3"]
[White "Funtikov Mikhail (UKR)"]
[Black "Kurayan Ruslan (UKR)"]
[Result "0-1"]
[WhiteElo "2085"]
[BlackElo "2256"]

1.d4 Nf6 2.c4 g6 3.Nc3 Bg7 4.e4 d6 5.Be2 O-O 6.Bg5 h6 7.Be3 Nc6 8.h3 a6 9.Nf3
Rb8 10.d5 Ne5 11.Nxe5 dxe5 12.Qd2 b5 13.a3 c6 14.Rd1 bxc4 15.dxc6 Be6 16.O-O
Qc7 17.Nd5 Bxd5 18.exd5 Rfd8 19.Bxc4 Nxd5 20.Bxd5 e6 21.b4 exd5 22.Bxh6 Qxc6
23.Rc1 Qe6 24.Bxg7 Kxg7 25.Rc5 d4 26.Re1 Rb5 27.Rc7 d3 28.Qc3 d2 29.Rd1 Rbd5
30.a4 Rd3 31.Qc2 Qf5 32.b5 axb5 33.axb5 Qe4 34.Qc4 Qe1+ 35.Kh2 Qxf2 36.Qe6
Qf4+ 37.Kg1 Re3 {#R} 0-1

[Event "Memorial L.Rudenko (w)"]
[Site "masterchessopen.com St. Petersburg (Russia)"]
[Date "2009.08.27"]
[Round "2"]
[White "Shulakova Svetlana (RUS)"]
[Black "Bodnaruk Anastasia (RUS)"]
[Result "1-0"]
[WhiteElo "2151"]
[BlackElo "2388"]

1.d4 Nf6 2.c4 g6 3.Nc3 Bg7 4.e4 d6 5.Be2 O-O 6.Bg5 h6 7.Be3 Nbd7 8.Qc2 c6 9.h4
e5 10.d5 Nc5 11.h5 g5 12.f3 a5 13.g4 Bd7 14.Nh3 cxd5 15.cxd5 a4 16.Qd2 Qe8
17.Rc1 b5 18.Nf2 Qb8 19.Nd3 Rc8 20.Nb4 Ne8 21.Kf2 Bf6 22.Rc2 Bd8 23.Nc6 Bxc6
24.dxc6 Ba5 25.Bxg5 b4 26.Bxh6 bxc3 27.Qg5+ Kh8 28.Qe7 Qc7 29.Qf8+ Kh7 30.g5
Nxe4+ 31.fxe4 Qb6+ 32.Kf1 Rc7 33.g6+ {#r} 1-0

[Event "It \"]
[Site "masterchessopen.com Prievidza (Slovakia)"]
[Date "2009.09.05"]
[Round "2"]
[White "Mas Hafizulhelmi (MAS)"]
[Black "Hirneise Tobias (GER)"]
[Result "1-0"]
[WhiteElo "2391"]
[BlackElo "2429"]

1.d4 Nf6 2.c4 g6 3.Nc3 Bg7 4.e4 d6 5.Be2 O-O 6.Bg5 h6 7.Be3 Nbd7 8.Qd2 c5 9.d5
Kh7 10.Nf3 Qa5 11.h3 a6 12.O-O b5 13.a3 bxc4 14.Bxc4 Ne8 15.Qc2 Rb8 16.Bd2 Qd8
17.Na4 Ne5 18.Nxe5 Bxe5 19.Rab1 Nc7 20.Ba5 Bd7 21.b4 Qe8 22.Nb6 Bd4 23.Nxd7
Qxd7 24.Rb3 cxb4 25.Bxb4 Ba7 26.Rf3 Nb5 27.Qd3 Bb6 28.Rf4 Qa7 29.Bd2 Kg7 30.a4
Nc7 31.Bc3+ f6 32.Rg4 g5 33.h4 {#r} 1-0

[Event "Czech League 2009/10 (1st) (juniors)"]
[Site "masterchessopen.com Czech Republic"]
[Date "2009.10.03"]
[Round "2"]
[White "Strnad Ondrej"]
[Black "Otradovec Lubos"]
[Result "0-1"]
[WhiteElo "1744"]
[BlackElo "1894"]

1.d4 Nf6 2.c4 g6 3.Nc3 Bg7 4.e4 d6 5.Be2 O-O 6.Bg5 h6 7.Bf4 c5 8.d5 Bd7 9.Qd2
Kh7 10.f3 Na6 11.Bd1 Nc7 12.Nge2 a6 13.a4 b5 14.axb5 axb5 15.Rxa8 Qxa8 16.cxb5
Nxb5 17.Nxb5 Bxb5 18.b4 cxb4 19.Qxb4 Rb8 20.Qd2 Nd7 21.O-O Nc5 22.Re1 Bxe2
23.Bxe2 Rb2 24.Qc1 Qa2 25.Qc4 Qa5 26.Rd1 Qb6 27.Be3 Rb4 28.Bxc5 dxc5 29.Qa6
Qxa6 30.Bxa6 c4 31.Rc1 c3 32.Bd3 Rb2 33.Bc2 Bd4+ 34.Kf1 Be3 35.Re1 Bd2 36.Bd3
Bxe1 37.Kxe1 Rxg2 38.h4 c2 {#R} 0-1

[Event "Ch Slovakia (team) 2009/10 (1 liga) East"]
[Site "masterchessopen.com Slovakia"]
[Date "2009.10.17"]
[Round "1"]
[White "Jelen Peter (SVK)"]
[Black "Bakalar Jan (SVK)"]
[Result "1-0"]
[WhiteElo "2180"]
[BlackElo "2120"]

1.c4 g6 2.Nc3 Bg7 3.d4 Nf6 4.e4 d6 5.Be2 O-O 6.Bg5 h6 7.Be3 c6 8.e5 Ne8 9.f4
f6 10.exf6 exf6 11.h4 Qe7 12.Qd2 h5 13.O-O-O f5 14.Nf3 Nf6 15.Ng5 Re8 16.Rh3
Nbd7 17.d5 c5 18.Bf2 Nf8 19.Re1 Qd8 20.Re3 Rxe3 21.Qxe3 Bd7 22.Bf3 Qb6 23.Qe7
Re8 24.Qf7+ Kh8 25.Ne6 Nxe6 26.dxe6 Bc6 27.Qxg6 Bxf3 28.gxf3 Re7 29.Qxf5 Qb4
30.Qd3 d5 31.a3 Qb3 32.cxd5 c4 33.Qg6 Nxd5 34.Qxh5+ Kg8 35.Qxd5 {#r} 1-0

[Event "It \"]
[Site "masterchessopen.com Moscow (Russia)"]
[Date "2009.10.27"]
[Round "7"]
[White "Lagashin Pavel (RUS)"]
[Black "Apryshko Gleb (RUS)"]
[Result "0-1"]
[WhiteElo "2093"]
[BlackElo "2181"]

1.d4 Nf6 2.c4 g6 3.Nc3 Bg7 4.e4 O-O 5.Be2 d6 6.Bg5 h6 7.Be3 c6 8.Qd2 Kh7 9.f3
a6 10.g4 b5 11.g5 hxg5 12.Bxg5 Nh5 13.f4 f5 14.a3 fxe4 15.Nxe4 bxc4 16.Ng3 Qe8
17.O-O-O c5 18.dxc5 Nc6 19.cxd6 Nd4 20.Qe3 e5 21.fxe5 Nf5 22.Nxf5 Bxf5 23.Nf3
c3 24.Qxc3 Rc8 25.Bc4 Qa4 26.Rd4 Be6 27.d7 Bxd7 28.Nd2 Rf5 29.Bg8+ Kh8 30.Qxc8
Qxd4 31.Qd8 Rf8 32.Nb3 Qxe5 33.Qxd7 Qxg5+ 34.Kb1 Qg2 {#R} 0-1

[Event "Ch World (juniors) (under 14)"]
[Site "masterchessopen.com Kemer (Turkey)"]
[Date "2009.11.21"]
[Round "10"]
[White "Hajek Lukas (CZE)"]
[Black "Rubes Jan (CZE)"]
[Result "1-0"]
[WhiteElo "2112"]
[BlackElo "2041"]

1.d4 Nf6 2.c4 g6 3.Nc3 Bg7 4.e4 d6 5.Be2 O-O 6.Bg5 h6 7.Be3 e5 8.d5 Na6 9.Qd2
Kh7 10.h3 Nh5 11.Bd1 Nc5 12.Nge2 Bd7 13.Bc2 a5 14.O-O Qe7 15.b3 b6 16.Nb5 Bxb5
17.cxb5 Nf4 18.Rac1 Qe8 19.a4 Nxe2+ 20.Qxe2 Qe7 21.Qc4 Bf6 22.Kh1 Bg5 23.Qc3
Rae8 24.Ra1 Bf4 25.Bxf4 exf4 26.b4 axb4 27.Qxb4 Qd8 28.a5 {#r} 1-0

[Event "Ch Slovenia (team)"]
[Site "masterchessopen.com Rogatska Slatina (Slovenia)"]
[Date "2009.12.14"]
[Round "6"]
[White "Maksimenko Andrei (UKR)"]
[Black "Basagic Zlatko (SLO)"]
[Result "1-0"]
[WhiteElo "2544"]
[BlackElo "2330"]

1.d4 Nf6 2.c4 g6 3.Nc3 Bg7 4.e4 d6 5.Be2 O-O 6.Bg5 h6 7.Be3 e5 8.d5 Nbd7 9.Qd2
Nc5 10.f3 a5 11.O-O-O h5 12.h4 Nh7 13.Nh3 f5 14.exf5 gxf5 15.f4 e4 16.Bxh5
Nd3+ 17.Kb1 c5 18.Be2 Nb4 19.Ng5 Qf6 20.Rdg1 Re8 21.Nxh7 Kxh7 22.g4 fxg4
23.Bxg4 Bxg4 24.Rxg4 Bh6 25.Rhg1 Qf5 26.Qg2 Nd3 27.Nb5 Rad8 28.Rg6 Qf8 29.f5
Bxe3 30.Rg7+ Kh8 31.Qg6 {#r} 1-0

[Event "NRW-liga 2009/10"]
[Site "masterchessopen.com Germany"]
[Date "2009.12.20"]
[Round "4"]
[White "Scheffner Axel Dr (GER)"]
[Black "Quelle Helmut (GER)"]
[Result "1-0"]
[WhiteElo "2300"]
[BlackElo "2175"]

1.d4 Nf6 2.c4 g6 3.Nc3 Bg7 4.e4 d6 5.Be2 O-O 6.Bg5 h6 7.Be3 e5 8.d5 c6 9.g4
cxd5 10.cxd5 Qa5 11.f3 a6 12.a3 Nbd7 13.Qd2 b5 14.b4 Qd8 15.h4 h5 16.Nh3 Bb7
17.a4 bxa4 18.g5 Ne8 19.Nxa4 Nc7 20.Nc3 Qe7 21.O-O Rfb8 22.Kg2 Bc8 23.Rfb1 Nf8
24.Bd3 f5 25.Qc2 f4 26.Bf2 Bd7 27.Qe2 Qe8 28.Ra5 Qc8 29.Ng1 Qb7 30.Qa2 Bb5
31.Bxb5 axb5 32.Ra7 Rxa7 33.Qxa7 Nd7 34.Qxb7 Rxb7 35.Ra1 Bf8 36.Nge2 Be7
37.Nc1 Bd8 38.Nb3 Nb8 39.Na5 Nxd5 40.Nxb7 {#r} 1-0

[Event "It (open)"]
[Site "masterchessopen.com Ketrzyn (Poland)"]
[Date "2009.12.27"]
[Round "2"]
[White "Budrewicz Krzysztof (POL)"]
[Black "Czaus Piotr (POL)"]
[Result "1-0"]
[WhiteElo "2374"]
[BlackElo "2013"]

1.d4 Nf6 2.c4 g6 3.Nc3 Bg7 4.e4 d6 5.Be2 O-O 6.Bg5 h6 7.Be3 e5 8.d5 a5 9.Qd2
Kh7 10.h4 Na6 11.h5 g5 12.f3 Ng8 13.Nh3 f6 14.Nf2 Ne7 15.g4 b6 16.O-O Bd7
17.b3 Be8 18.Rab1 Rg8 19.a3 Bf8 20.b4 axb4 21.axb4 Kh8 22.Nd3 Qd7 23.Ra1 Qc8
24.Ra2 c5 25.dxc6 Nc7 26.Rxa8 Qxa8 27.b5 Bf7 28.Nb4 Nc8 29.Nbd5 Bxd5 30.Nxd5
Nxd5 31.exd5 Rg7 32.Bd3 Ra7 33.Bf5 Ne7 34.Bb1 Bg7 35.Bxb6 Ra4 36.Bf2 Kg8
37.Qc2 {#r} 1-0

[Event "It (open)"]
[Site "masterchessopen.com Kula (Bulgaria)"]
[Round "3"]
[White "Ivelinov Hristo (BUL)"]
[Black "Bochev Krasimir (BUL)"]
[Result "1-0"]
[WhiteElo "2221"]
[BlackElo "2143"]

1.d4 Nf6 2.c4 g6 3.Nc3 Bg7 4.e4 d6 5.Be2 O-O 6.Bg5 h6 7.Be3 e5 8.d5 Na6 9.Qd2
Nc5 10.f3 Nh5 11.g3 Kh7 12.O-O-O a5 13.Bd3 Nxd3+ 14.Qxd3 f5 15.Nge2 Nf6 16.h3
Nh5 17.g4 fxe4 18.Nxe4 Nf6 19.N4c3 Nd7 20.Rdf1 e4 21.Nxe4 Ne5 22.Qc2 Nxf3
23.Nf4 Ne5 24.Bd4 Qe8 25.Nh5 Qe7 26.Rxf8 Qxf8 27.Nxg7 Kxg7 28.Qe2 Qf4+ 29.Kb1
Bxg4 30.Qxg4 Qxg4 31.hxg4 Rf8 32.Nc5 {#r} 1-0

[Event "Tournament (Elo) \"]
[Site "masterchessopen.com Warsaw (Poland)"]
[Date "2010.02.12"]
[Round "6"]
[White "Bernacki Gabriel (POL)"]
[Black "Cyra Tomasz"]
[Result "1-0"]
[WhiteElo "1890"]
[BlackElo "1839"]

1.d4 Nf6 2.c4 g6 3.Nc3 Bg7 4.e4 d6 5.Be2 O-O 6.Bg5 h6 7.Be3 e5 8.d5 Nbd7 9.g3
Nc5 10.f3 a5 11.Qd2 Kh7 12.O-O-O a4 13.g4 Ne8 14.h4 f5 15.h5 f4 16.hxg6+ Kxg6
17.Bf2 Bf6 18.Nh3 Be7 19.Rdg1 Ng7 20.Bd1 Bd7 21.Bc2 Qe8 22.Ne2 Bg5 23.Nd4 b5
24.Nf5 bxc4 25.Nxg5 hxg5 26.Bxc5 dxc5 27.Rh6+ Kf7 28.Rh7 Bxf5 29.exf5 Rh8
30.Rxh8 Qxh8 31.d6 Rd8 32.Qd5+ Kf6 33.d7 Qf8 34.Rh1 Ke7 35.Qxe5+ Kxd7 36.Rh7
{#r} 1-0

[Event "Ch City (seniors)"]
[Site "masterchessopen.com Berlin (Germany)"]
[Date "2010.02.13"]
[Round "5"]
[White "Fiedler Ronald (GER)"]
[Black "Sehm Andreas"]
[Result "1-0"]
[WhiteElo "1635"]
[BlackElo "1597"]

1.d4 Nf6 2.c4 g6 3.Nc3 Bg7 4.e4 d6 5.Be2 O-O 6.Bg5 h6 7.Be3 Nbd7 8.Qd2 Kh7
9.h4 c5 10.d5 Ne5 11.f3 a6 12.g4 Ng8 13.O-O-O f5 14.Nh3 Nf7 15.gxf5 gxf5
16.Ng5+ Kh8 17.Ne6 Bxe6 18.dxe6 Ne5 19.Nd5 Nc6 20.Rdg1 Nd4 21.Rxg7 Nxe2+
22.Qxe2 Kxg7 23.Qg2+ {#r} 1-0

[Event "Ch Europe (seniors) (team)"]
[Site "masterchessopen.com Dresden (Germany)"]
[Date "2010.02.16"]
[Round "7"]
[White "Schroeder Christian Dr (GER)"]
[Black "Roos Hans-Goerg Prof (GER)"]
[Result "1-0"]
[WhiteElo "2035"]
[BlackElo "2053"]

1.c4 g6 2.d4 Bg7 3.Nc3 Nf6 4.e4 d6 5.Be2 O-O 6.Bg5 h6 7.Be3 e5 8.d5 a5 9.Qd2
Kh7 10.h3 Na6 11.g4 Nc5 12.f3 Ng8 13.g5 h5 14.h4 Bd7 15.Nh3 a4 16.O-O-O b6
17.Nb5 Qb8 18.Nf2 Bxb5 19.cxb5 {#r} 1-0

[Event "It \"]
[Site "masterchessopen.com Kingston (Jamaica)"]
[Date "2010.03.21"]
[Round "9"]
[White "Gareev Timur (UZB)"]
[Black "Pitterson Jomo (JAM)"]
[Result "1-0"]
[WhiteElo "2615"]
[BlackElo "2242"]

1.c4 Nf6 2.Nc3 g6 3.e4 d6 4.d4 Bg7 5.Be2 O-O 6.Bg5 h6 7.Be3 c5 8.d5 e6 9.Qd2
exd5 10.cxd5 Re8 11.f3 h5 12.a4 Na6 13.Bb5 Bd7 14.Nh3 Nb4 15.O-O a6 16.Bxd7
Qxd7 17.a5 b5 18.axb6 Rab8 19.Nf2 Rxb6 20.Ra5 Rbb8 21.Rfa1 Qb7 22.h3 Nd7 23.f4
Nb6 24.Qe2 N6xd5 25.exd5 Rxe3 26.Qxe3 Nc2 27.Qe2 Nxa1 28.Rxa1 Qxb2 29.Rb1
Qxb1+ 30.Nxb1 Rxb1+ 31.Kh2 Bd4 32.h4 Bxf2 33.Qxf2 Rd1 34.f5 Rd4 35.fxg6 fxg6
36.Qf6 Kh7 37.Kh3 Rd3+ 38.g3 c4 39.Qf7+ Kh6 40.Qg8 {#r} 1-0

[Event "Ch City"]
[Site "masterchessopen.com Riazan (Russia)"]
[Round "0"]
[White "Raikin Leonid (RUS)"]
[Black "Timofeev Vladimir F (RUS)"]
[Result "1-0"]
[WhiteElo "2273"]
[BlackElo "2298"]

1.d4 Nf6 2.c4 g6 3.Nc3 Bg7 4.e4 d6 5.Be2 O-O 6.Bg5 h6 7.Be3 c6 8.Nf3 Nbd7
9.O-O Qc7 10.h3 Re8 11.Qc2 a6 12.Nd2 e5 13.f4 Ng4 14.hxg4 exd4 15.Bf2 dxc3
16.bxc3 Nf6 17.g5 hxg5 18.fxg5 Nd7 19.Bg4 Ne5 20.Bxc8 Qxc8 21.Rab1 Re7 22.c5
Rd7 23.cxd6 Rxd6 24.Bc5 Rd7 25.Nf3 Qc7 26.Bb6 Nxf3+ 27.Rxf3 Qe5 28.Rbf1 Qxg5
29.Be3 Qb5 30.Qf2 Qc4 31.Qh4 Re8 32.Rh3 Rxe4 33.Qh7+ Kf8 34.Bh6 Qc5+ 35.Kh1
Bxh6 36.Qh8+ Ke7 37.Qf6+ {#r} 1-0

[Event "Memorial V.Nabokov (cat.4)"]
[Site "masterchessopen.com Kiev (Ukraine)"]
[Date "2010.06.09"]
[Round "5"]
[White "Golichenko Ilija (UKR)"]
[Black "Moliboga V (RUS)"]
[Result "1-0"]
[WhiteElo "2417"]
[BlackElo "2269"]

1.d4 Nf6 2.c4 g6 3.Nc3 Bg7 4.e4 d6 5.Be2 O-O 6.Bg5 h6 7.Be3 c5 8.d5 e6 9.Qd2
exd5 10.exd5 Re8 11.Bxh6 Bxh6 12.Qxh6 b5 13.cxb5 Qa5 14.Kf1 Qb4 15.h4 Qxb2
16.Rc1 Nbd7 17.h5 Nf8 18.hxg6 Nxg6 19.f3 Re5 20.g4 Bd7 21.Bd3 Bxb5 22.Nxb5
Nxd5 23.Ne2 Rxe2 24.Bxe2 Re8 25.Re1 Ne3+ 26.Kg1 Qf6 27.Bc4 a6 28.Nxd6 Re7
29.Rxe3 Qxd6 30.Rxe7 Qg3+ 31.Kf1 Qxf3+ 32.Ke1 Qg3+ 33.Kd2 Qf2+ 34.Kc1 {#r} 1-0

[Event "Memorial M.Najdorf"]
[Site "masterchessopen.com Joao Pessoa (Brazil)"]
[Date "2010.06.13"]
[Round "3"]
[White "Souza Marcos Valerio A (BRA)"]
[Black "Wanderley Ariano (BRA)"]
[Result "1-0"]
[WhiteElo "2129"]
[BlackElo "1928"]

1.d4 Nf6 2.c4 g6 3.Nc3 Bg7 4.e4 d6 5.Be2 O-O 6.Bg5 h6 7.Be3 e5 8.d5 a6 9.g4
Ne8 10.Qd2 Kh7 11.h4 Bd7 12.h5 g5 13.f3 b6 14.Bd3 a5 15.Nge2 Na6 16.O-O Qc8
17.Ng3 Nc5 18.Bc2 Bf6 19.b3 Ng7 20.Qe2 Bd8 21.a3 Na6 22.Nb5 Kh8 23.Ra2 Be7
24.Rd1 Qb7 25.Qd2 Qc8 26.Kg2 Kg8 27.Rda1 Qb7 28.b4 Nb8 29.Nf5 Nxf5 30.exf5 f6
31.Be4 Rc8 32.Nc3 Kf8 33.c5 Qa6 34.c6 Be8 35.Bd3 Qa7 36.Nb5 Qa6 37.Nxc7 Rxc7
38.Bxa6 Rxa6 39.b5 {#r} 1-0

[Event "It (open) (juniors) (under 16) (g)"]
[Site "masterchessopen.com Bento Goncalves (Brazil)"]
[Date "2010.08.05"]
[Round "6"]
[White "Jardim Daphne Tofano (BRA)"]
[Black "Salazar Aura Cristina (COL)"]
[Result "1-0"]
[WhiteElo "1980"]
[BlackElo "2169"]

1.d4 Nf6 2.c4 g6 3.Nc3 Bg7 4.e4 d6 5.Be2 O-O 6.Bg5 h6 7.Be3 c6 8.Qd2 Kh7 9.h4
e5 10.d5 cxd5 11.cxd5 Na6 12.f3 Nh5 13.g4 Nf4 14.Bxa6 bxa6 15.h5 g5 16.Nge2
Bd7 17.Ng3 Rb8 18.O-O Rb7 19.Rfc1 Qb8 20.Rc2 Bf6 21.Rac1 Bd8 22.Nf5 Ba5 23.a3
Rb3 24.Kh2 Bxc3 25.Rxc3 Rxb2 26.R1c2 Rxc2 27.Qxc2 Bxf5 28.gxf5 Nxh5 29.Rc7 Qd8
30.Bf2 g4 31.fxg4 Qg5 32.Qe2 Nf6 33.Kh3 h5 34.gxh5 Nxh5 35.Qg4 Nf4+ 36.Kg3 Qh6
37.Qh4 Rg8+ 38.Kf3 Qxh4 39.Bxh4 Rh8 {#r} 1-0

[Event "It (open)"]
[Site "masterchessopen.com Vlissingen (Netherlands)"]
[Date "2010.08.14"]
[Round "9"]
[White "Balje Jan (NED)"]
[Black "Goldschmidt Christian (GER)"]
[Result "1-0"]
[WhiteElo "2199"]
[BlackElo "2225"]

1.d4 Nf6 2.c4 g6 3.Nc3 Bg7 4.e4 d6 5.Be2 O-O 6.Bg5 h6 7.Be3 Nbd7 8.Qd2 c5 9.d5
Qa5 10.Nf3 Ng4 11.Bf4 f5 12.exf5 Rxf5 13.O-O g5 14.Bg3 Nde5 15.Nxe5 Nxe5 16.f4
gxf4 17.Bxf4 Rxf4 18.Rxf4 Bd7 19.Rh4 Rf8 20.Rxh6 Bxh6 21.Qxh6 Rf6 22.Qg5+ Kf8
23.Ne4 Rf7 24.Bh5 Rg7 25.Rf1+ Kg8 26.Qf4 Qd8 27.Ng5 b5 28.b3 Qa8 29.Nf7 bxc4
30.Nxe5 dxe5 31.Bf7+ Kh8 32.Qh4+ Rh7 33.Qxe7 Qb8 34.Qxd7 cxb3 35.axb3 c4
36.bxc4 Qb6+ 37.Kh1 e4 38.Qe8+ Kg7 39.Qe5+ {#r} 1-0

[Event "It (open)"]
[Site "masterchessopen.com Velika Gorica (Croatia)"]
[Date "2010.08.28"]
[Round "6"]
[White "Hamer Ivan (CRO)"]
[Black "Katulic Zlatko (CRO)"]
[Result "1-0"]
[WhiteElo "2060"]
[BlackElo "1936"]

1.d4 Nf6 2.c4 g6 3.Nc3 Bg7 4.e4 d6 5.Be2 O-O 6.Bg5 h6 7.Bh4 Nc6 8.f4 e5 9.fxe5
dxe5 10.d5 Nd4 11.Nf3 Nxe2 12.Qxe2 Qe7 13.h3 g5 14.Bf2 Nh5 15.O-O-O Nf4 16.Qf1
f5 17.Nd2 c6 18.g3 Ng6 19.exf5 Bxf5 20.g4 Bd7 21.Nde4 b6 22.c5 Nh4 23.Qc4 Kh8
24.cxb6 cxd5 25.Bc5 Qf7 26.Qxd5 Be6 27.Qd2 Nf3 28.Qe3 axb6 29.Bxf8 Rxf8
30.Rhf1 Bc4 31.Nd6 Qc7 32.Nxc4 e4 33.Qxe4 Rf4 34.Qa8+ Kh7 35.Rxf3 Rxc4 36.Qd5
Rc5 37.Qd3+ Kg8 38.Qd8+ Kh7 39.Qxc7 Rxc7 40.Rd5 {#r} 1-0

[Event "Memorial Karen Asrian"]
[Site "masterchessopen.com Jermuk (Armenia)"]
[Date "2010.10.06"]
[Round "2"]
[White "Vorobiov Evgeny E (RUS)"]
[Black "Hairapetian Anna (ARM)"]
[Result "1-0"]
[WhiteElo "2565"]
[BlackElo "2125"]

1.d4 Nf6 2.c4 g6 3.Nc3 Bg7 4.e4 O-O 5.Be2 d6 6.Bg5 h6 7.Be3 Nbd7 8.Qd2 Kh7
9.h4 c5 10.d5 a6 11.Nh3 b5 12.h5 g5 13.Bxg5 b4 14.Bxf6 Nxf6 15.Nd1 Nxe4 16.Bd3
f5 17.Qe2 Be5 18.Ne3 Kh8 19.O-O Rg8 20.Nxf5 Bxf5 21.Bxe4 Bxh3 22.Qe3 Qf8
23.Qxh3 Qf4 24.Rae1 Rg5 25.Bg6 Rf8 26.Re4 Qd2 27.f4 Bd4+ 28.Kh2 Re5 29.Qg4
Rxe4 30.Bxe4 Rg8 31.Qe6 Rg7 32.Qxh6+ Kg8 33.Qe6+ Kf8 34.Bg6 {#r} 1-0

[Event "Tournament (team)"]
[Site "masterchessopen.com Constanza (Romania)"]
[Date "2010.10.07"]
[Round "5"]
[White "Voiteanu Gabriel (ROM)"]
[Black "Adam Ion (ROM)"]
[Result "1-0"]
[WhiteElo "2236"]
[BlackElo "2065"]

1.d4 Nf6 2.c4 g6 3.Nc3 Bg7 4.e4 O-O 5.Be2 d6 6.Bg5 h6 7.Be3 e5 8.d5 Nbd7 9.Qd2
Kh7 10.g4 Ne8 11.h4 Nc5 12.f3 f5 13.h5 f4 14.hxg6+ Kxg6 15.Bf2 a5 16.O-O-O Bd7
17.Nh3 Bf6 18.Rh2 Rh8 19.Bd3 Kg7 20.Rg1 Qe7 21.Rhg2 Bg5 22.Rh2 Bf6 23.Kb1 a4
24.Bc2 c6 25.Bxc5 dxc5 26.Nxa4 Nd6 27.Nb6 Ra6 28.Nxd7 Qxd7 29.g5 hxg5 30.Nxg5
Nxc4 31.Qg2 Ne3 32.Rxh8 Nxg2 33.Rh7+ Kg6 34.Rxd7 Bxg5 35.Rxg2 {#r} 1-0

[Event "Czech League 2010/11 (1st) West"]
[Site "masterchessopen.com Czech Republic"]
[Date "2010.10.10"]
[Round "1"]
[White "Meduna Eduard (CZE)"]
[Black "Havlik Jan (CZE)"]
[Result "1-0"]
[WhiteElo "2426"]
[BlackElo "1936"]

1.d4 Nf6 2.c4 g6 3.Nc3 Bg7 4.e4 d6 5.Be2 O-O 6.Bg5 h6 7.Be3 e5 8.d5 Nbd7 9.Qd2
Nc5 10.f3 a5 11.Bd1 b6 12.Nge2 Nfd7 13.O-O Kh7 14.Bc2 g5 15.Ng3 Rg8 16.b3 Nf8
17.a3 Ng6 18.b4 Nb7 19.Nf5 Bf6 20.Rab1 Bd7 21.Kh1 Qc8 22.Nd1 Ne7 23.Ng3 Ng6
24.Nf2 Nf4 25.Nf5 Ng6 26.Ng4 Bg7 27.g3 f6 28.f4 Rf8 29.fxg5 fxg5 30.h4 h5
31.Nf2 gxh4 32.Qe2 Bxf5 33.Qxh5+ Kg8 34.exf5 Nh8 35.f6 Rxf6 36.Ng4 Kf8
37.Rxf6+ {#r} 1-0

[Event "It (open)"]
[Site "masterchessopen.com Bad Wiessee (Germany)"]
[Date "2010.11.02"]
[Round "5"]
[White "Salvermoser Bernd (GER)"]
[Black "Walter Thomas (GER)"]
[Result "1-0"]
[WhiteElo "2316"]
[BlackElo "2109"]

1.d4 Nf6 2.c4 g6 3.Nc3 Bg7 4.e4 d6 5.Be2 O-O 6.Bg5 h6 7.Be3 c5 8.d5 e6 9.h3
exd5 10.exd5 Re8 11.Bd3 Kh7 12.Qd2 b5 13.cxb5 Nbd7 14.Nf3 Nb6 15.O-O Bb7
16.Rad1 Nbxd5 17.Nxd5 Nxd5 18.Bc4 Nxe3 19.fxe3 Qe7 20.Bxf7 Qxe3+ 21.Qxe3 Rxe3
22.Rxd6 g5 23.Rd7 Bxf3 24.Rxf3 Re1+ 25.Kf2 Rb1 26.Bd5 Rxb2+ 27.Kg3 Re8 28.Rff7
Re3+ 29.Bf3 Rxb5 30.Rxg7+ Kh8 31.Rh7+ Kg8 32.Rdg7+ Kf8 33.Rxa7 Kg8 34.Rhd7 Rb8
35.Kf2 Rc3 36.Rg7+ {#r} 1-0

[Event "It (open)"]
[Site "masterchessopen.com Glyfada (Greece)"]
[Date "2011.01.03"]
[Round "2"]
[White "Papathanasopoulos Nikolaos (GRE)"]
[Black "Azis Azizis Ektoras (GRE)"]
[Result "0-1"]
[WhiteElo "1657"]
[BlackElo "2230"]

1.d4 Nf6 2.c4 g6 3.Nc3 Bg7 4.e4 d6 5.Be2 O-O 6.Bg5 h6 7.Be3 Nc6 8.Qd2 Kh7 9.h3
e5 10.d5 Nd4 11.Nf3 Nxe2 12.Qxe2 Nh5 13.O-O-O Nf4 14.Qf1 Bd7 15.Ne1 a6 16.g3
Nh5 17.Nd3 Qf6 18.Qg2 c5 19.Rhf1 b5 20.f4 exf4 21.gxf4 bxc4 22.Ne1 Rab8 23.Nc2
Rxb2 24.e5 dxe5 25.Kxb2 exf4 26.Nd4 Qb6+ 27.Nb3 fxe3 {#R} 0-1

[Event "It (open) (masters)"]
[Site "masterchessopen.com Hastings (England)"]
[Date "2011.01.03"]
[Round "7"]
[White "White Michael (ENG)"]
[Black "Helbig Paul (ENG)"]
[Result "1-0"]
[WhiteElo "2214"]
[BlackElo "2128"]

1.d4 Nf6 2.c4 g6 3.Nc3 Bg7 4.e4 d6 5.Be2 O-O 6.Bg5 h6 7.Be3 e5 8.d5 Nbd7 9.Qd2
Kh7 10.f3 Nh5 11.g3 f5 12.exf5 gxf5 13.g4 fxg4 14.fxg4 Qh4+ 15.Kd1 Nf4 16.Kc2
Nf6 17.Bxf4 exf4 18.Nf3 Qh3 19.Ng1 Qe3 20.Qxe3 fxe3 21.h3 c6 22.Bd3+ Kh8
23.Re1 cxd5 24.cxd5 Bd7 25.Rxe3 Rac8 26.Kd2 Rxc3 27.bxc3 Nxd5 28.Rf3 Bxc3+
29.Kc2 Rc8 30.Kb3 Be6 31.Bf5 Nf4+ 32.Bxe6 Nxe6 33.Rxc3 {#r} 1-0

[Event "Oberliga NRW 2010/11"]
[Site "masterchessopen.com Germany"]
[Date "2011.01.30"]
[Round "6"]
[White "Straeter Timo (GER)"]
[Black "Hausrath Daniel (GER)"]
[Result "0-1"]
[WhiteElo "2327"]
[BlackElo "2507"]

1.d4 Nf6 2.c4 g6 3.Nc3 Bg7 4.e4 d6 5.Be2 O-O 6.Bg5 h6 7.Be3 Nbd7 8.Qd2 c5 9.d5
Kh7 10.Nf3 a6 11.O-O Qa5 12.a3 Ng4 13.Bg5 Re8 14.Bh4 Nde5 15.Nxe5 Bxe5 16.Bxg4
Bxg4 17.f4 Bd4+ 18.Bf2 e5 19.fxe5 Bxe5 20.Bg3 Qc7 21.Bxe5 Rxe5 22.h3 Bc8
23.Rf4 Qe7 24.Raf1 f5 25.R4f2 Bd7 26.b4 Rc8 27.b5 axb5 28.cxb5 Rg8 29.a4 Rg7
30.exf5 gxf5 31.Re2 Rxe2 32.Nxe2 Qe4 33.Nf4 Qxa4 34.Ne6 Bxe6 35.dxe6 Qe4
36.Re1 Rxg2+ 37.Qxg2 Qxe1+ 38.Kh2 Qe5+ 39.Kh1 d5 40.e7 Qxe7 {#R} 0-1

[Event "Ch City (superfinal)"]
[Site "masterchessopen.com Tiumen (Russia)"]
[Date "2011.02.05"]
[Round "10"]
[White "Kotlyar Kirill (RUS)"]
[Black "Gajsin Vitaliy"]
[Result "0-1"]
[WhiteElo "2250"]
[BlackElo "2476"]

1.d4 Nf6 2.c4 g6 3.Nc3 Bg7 4.e4 d6 5.Be2 O-O 6.Bg5 h6 7.Be3 e5 8.d5 Na6 9.Qd2
Nc5 10.f3 a5 11.O-O-O h5 12.h3 Nh7 13.g4 h4 14.Rh2 Bf6 15.Rg2 Bg5 16.Rf1 Kg7
17.Bxg5 Nxg5 18.Bd1 Qe7 19.Bc2 Bd7 20.f4 exf4 21.Rxf4 Rae8 22.Rgf2 Bc8 23.Rf1
Nd7 24.Nb5 Ne5 25.Qxa5 c6 26.Na3 Bd7 27.Qb4 Rc8 28.Nb1 b5 29.Rf6 Nxc4 30.Qe1
Qe5 31.b3 Qb2+ 32.Kd1 Qd4+ 33.Kc1 Qe3+ 34.Qxe3 Nxe3 35.Kd2 Nxf1+ 36.Rxf1 Rfe8
37.Rf4 cxd5 38.exd5 Re5 39.Nc3 Rxc3 {#R} 0-1